| 000 | 01288cam a2200337 a 4500 | ||
|---|---|---|---|
| 999 |
_c7553 _d7553 |
||
| 001 | 991011456519706706 | ||
| 003 | OSt | ||
| 005 | 20211217120515.0 | ||
| 008 | 140926s2014 spc|||| |||| 000 0 spa|c | ||
| 015 |
_aLL2014 _2bnc |
||
| 017 |
_aDL B 14470-2014 _bBiblioteca de Catalunya |
||
| 020 | _a9788496642843 | ||
| 035 | _a(ES-BaCBU).b61957926 | ||
| 035 | _a(OCoLC)1061519246 | ||
| 040 |
_aES-BaCBU _bcat _cES-BaCBU _dCDMR |
||
| 043 |
_ae-sp--- _be-spcba _2catmarc |
||
| 080 |
_a39 _x(460.23 Ba Barcelona) _x"19" _22004 |
||
| 100 | 1 |
_aGaziel _d1887-1964 _949 |
|
| 245 | 1 | 3 |
_aLa Barcelona de ayer : _bestampas y crónicas (1919-1933) / _cGaziel ; edición y epílogo de Jordi Amat |
| 260 |
_aBarcelona : _bLa Vanguardia Ediciones : _bAjuntament de Barcelona, _c2014 |
||
| 300 |
_aXVI, 190 p. ; _c23 cm |
||
| 490 | 1 | _aLibros de vanguardia | |
| 520 | _aRecull d'articles apareguts al diari La Vanguardia entre 1919 i 1933 sobre la ciutat de Barcelona | ||
| 651 | 7 |
_aBarcelona (Catalunya) _xVida social i costums _yS. XX _2lemac |
|
| 700 | 1 |
_aAmat, Jordi _d1978- _94555 |
|
| 830 | 0 | _aLibros de vanguardia | |
| 907 |
_a.b61957926 _b01-03-21 _c26-09-14 _d29-10-14 _em _fa _g- _hspa _ispc _j0 _k1 |
||
| 908 |
_aBAB _aUPC _aBC _aAHCB _aUAB _aBMON _aBPC _aANC _aCBAB _aURV |
||
| 940 | _aBC | ||
| 942 |
_2udc _cMON |
||